| 000 | 00794nam a22002297a 4500 | ||
|---|---|---|---|
| 005 | 20140310183644.0 | ||
| 008 | 131221b xxu||||| |||| 00| 0 eng d | ||
| 020 | _a9781781005491 | ||
| 050 |
_aHB 615 _b.H847 2013 |
||
| 245 |
_aHow entrepreneurs do what they do : _bcase studies in knowledge intensive entrepreneurship / _cedited by Maureen McKelvey, Astrid Heidemann Lassen. |
||
| 260 |
_aCheltenham, U.K. : _bEdward Elgar, _c2013. |
||
| 300 |
_axi, 218 p. ; _c24 cm. |
||
| 504 | _aIncludes Index. | ||
| 521 | _aBSBA | ||
| 650 |
_aEntrepreneurship _xCase studies. |
||
| 650 |
_aBusiness people _xCase studies. |
||
| 650 | _aEntrepreneurship. | ||
| 700 |
_aMcKelvey, Maureen. _eeditor. |
||
| 700 |
_aLassen, Astrid Heidenmann _eeditor. |
||
| 942 |
_2lcc _cBK _kFOR |
||
| 999 |
_c25891 _d25891 |
||